Korszerűbb gépekkel több új termék Megjelent a "RIVER BLUE" farmer

Elmentve itt :
Bibliográfiai részletek
Dokumentumtípus: Cikk
Megjelent: 1978-12-24
Sorozat:Délmagyarország 68 No. 303
Kulcsszavak:Kenderfeldolgozó Szövőipari Vállalat Tröszt
Online Access:http://dmarchiv.bibl.u-szeged.hu/106350
LEADER 00480nab a2200145 i 4500
001 delm106350
005 20190513121748.0
008 190513s1978 hu o 0|| hun d
040 |a SZTE Délmagyarország Archívum  |b hun 
041 |a hun 
245 0 0 |a Korszerűbb gépekkel több új termék   |h [elektronikus dokumentum] :  |b Megjelent a "RIVER BLUE" farmer 
260 |c 1978-12-24 
300 |a 1 
490 0 |a Délmagyarország  |v 68 No. 303 
695 |a Kenderfeldolgozó Szövőipari Vállalat Tröszt